000 00596nam a2200229Ia 4500
003 OSt
005 20221006164238.0
006 a|||||r|||| 00| 0
007 ta
008 221006b |||||||| |||| 00| 0 eng d
024 _a969
037 _cTextual
040 _aFML
_cFML
_beng
041 _2eng
_aeng
082 _aNRk1, L7
100 _aHindley Geoffrey Ed.
_9676934
245 0 _aThe Larousse Encyclopedia of Music
260 _aLondon
_bMacmillan
_c1977
300 _a576
_ccm.
942 _hNRk1, L7
_cTEXL
_2CC
999 _c1116625
_d1116625